=LDR 00000nam 2200000 4500 =001 INLIS000000000007335 =005 20130612095342 =008 ***********************************Ind** =035 ##$$0010-061300000007335 =041 ##$$a Ind =082 ##$$a 155.5 =090 ##$$a 155.5, Reb k =100 ##$$a Riberu, J =245 ##$$a Kemelut anak remaja dan problema kekeluargaannya, DR. J. Riberu =260 ##$$a 1984 $b Jakarta =300 ##$$a 162 hlm, 21 cm =650 ##$$a Psikologi anak